| 000 -CABECERA |
| Longitud fija campo de control |
00799nam a22002177a 4500 |
| 003 - IDENTIFICADOR DEL NÚMERO DE CONTROL |
| Identificador del número de control |
OSt |
| 005 - FECHA Y HORA DE LA ÚLTIMA TRANSACCIÓN |
| Fecha y hora de la última transacción |
20171017162345.0 |
| 008 - CÓDIGOS DE INFORMACIÓN DE LONGITUD FIJA |
| Códigos de información de longitud fija |
171017s2017 spca||||||||| 000 0 spa|d |
| 020 ## - NÚMERO INTERNACIONAL NORMALIZADO PARA LIBROS |
| Número Internacional Normalizado para Libros (ISBN) |
9788417007065 |
| 040 ## - FUENTE DE LA CATALOGACIÓN |
| Centro catalogador de origen |
ES-BaUAB |
| Lengua de catalogación |
cat |
| Centro transcriptor |
CDMR |
| 100 1# - PUNTO DE ACCESO PRINCIPAL-NOMBRE DE PERSONA |
| Nombre de persona |
Chaves Nogales, Manuel |
| Fechas asociadas al nombre |
1897-1944 |
| 9 (RLIN) |
3658 |
| 245 10 - MENCIÓN DE TÍTULO |
| Título |
Tres periodistas en la revolución de Asturias |
| Mención de responsabilidad, etc. |
/ Manuel Chaves Nogales, José Díaz Fernández, Josep Pla ; prólogo de Jordi Amat |
| 260 ## - PUBLICACIÓN, DISTRIBUCIÓN, ETC. (PIE DE IMPRENTA) |
| Lugar de publicación, distribución, etc. |
Barcelona : |
| Nombre del editor, distribuidor, etc. |
Libros del Asteroide, |
| Fecha de publicación, distribución, etc. |
2017 |
| 300 ## - DESCRIPCIÓN FÍSICA |
| Extensión |
142 pàgines : |
| Otras características físicas |
il·lustracions ; |
| Dimensiones |
16 cm |
| 650 04 - PUNTO DE ACCESO ADICIONAL DE MATERIA - TÉRMINO DE MATERIA |
| Término de materia o nombre geográfico como elemento inicial |
La premsa i els fets d'octubre del 34 |
| 9 (RLIN) |
2724 |
| Subdivisión geográfica |
Astúries |
| 650 00 - PUNTO DE ACCESO ADICIONAL DE MATERIA - TÉRMINO DE MATERIA |
| Término de materia o nombre geográfico como elemento inicial |
Reportatges literaris |
| 9 (RLIN) |
797 |
| 700 1# - PUNTO DE ACCESO ADICIONAL - NOMBRE DE PERSONA |
| Nombre de persona |
Díaz Fernández, José, |
| Fechas asociadas al nombre |
1898-1941, |
| 700 1# - PUNTO DE ACCESO ADICIONAL - NOMBRE DE PERSONA |
| Nombre de persona |
Pla, Josep, |
| Fechas asociadas al nombre |
1897-1981, |
| 700 1# - PUNTO DE ACCESO ADICIONAL - NOMBRE DE PERSONA |
| Nombre de persona |
Amat, Jordi, |
| Fechas asociadas al nombre |
1978- |
| 942 ## - ENTRADA DE ELEMENTOS AGREGADOS (KOHA) |
| Koha [por defecto] tipo de item |
Monografies |